Tajomstvá starej krypty : Ojedinelý technický oriešok vnútri Dómu sv. Alžbety

Podrobná bibliografia
Hlavný autor: Červínka, Jozef (Author)
Médium: Článok
Jazyk:Slovak
Vydané: 1994
Témy:
Zdroj: 1. Košický večer 1. Roč. 5, č. 26(1994), dát. 0208, s. 1
LEADER 00838nab#a2200313#ar4500
001 000002421
003 SVKKK
005 20030715111019.0
008 030715c1994 e sloo
FMT
038 |a SVKKK 
040 |a SVKKK  |b slo  |e AACR2 
041 0 |a slo 
080 |a 71  |2 1981 
080 |a 726.  |2 1981 
100 1 |a Červínka, Jozef  |4 aut 
245 1 0 |a Tajomstvá starej krypty :  |b Ojedinelý technický oriešok vnútri Dómu sv. Alžbety  |c Červínka Jozef, 
260 |c 1994 
650 0 4 |a informácie 
650 0 4 |a otvorenie krypty 
650 0 4 |a rekonštrukcia 
650 0 4 |a starostlivosť pamiatková  |z Dóm svätej Alžbety, Košice 
773 0 |t Košický večer  |g Roč. 5, č. 26(1994), dát. 0208, s. 1 
957 |a Košice 
974 |a Cr 
992 |a RBX 
BAS
852 |a SVKKK  |b BIB 
998 |a REG